000
00261nam a22001217a 4500
008
170524b xxu||||| |||| 00| 0 eng d
041
_a
eng
080
_2
3 ED
_a
62
100
_a
26
101
_a
IM
245
_a
EQUIPMENT WORDS
_c
BAXTER.C.S
942
_2
udc
_c
BK
999
_c
14037
_d
14037